Strafrechtliche Sanktionen

Ein Buch für all jene, die sich im Rahmen des Studiums oder des Referendariats erstmals mit den Grundzügen des strafrechtlichen Sanktionensystems vertraut machen wollen. Im Mittelpunkt: rechtliche Anwendungsvoraussetzungen verschiedener Strafarten sowie Grundprobleme der Strafzumessung. Der Autor be...

Descripción completa

Guardado en:  
Detalles Bibliográficos
Autor principal: Meier, Bernd-Dieter 1955- (Autor)
Tipo de documento: Print Libro
Lenguaje:Alemán
Publicado: Berlin Heidelberg [u. a.] Springer 2009
En:Año: 2009
Edición:3., aktualisierte Aufl.
Acceso en línea: Portada
Portada
Einführung/Vorwort
Einführung/Vorwort#1
Inhaltstext (Publisher)
Índice
Kapitel#1
Disponibilidad en Tübingen:Disponible en Tübingen.
IFK: P I 694
Verificar disponibilidad: HBZ Gateway
Servicio de pedido Subito: Pedir ahora.
Palabras clave:
Parallel Edition:Electrónico

MARC

LEADER 00000cam a2200000 c 4500
001 584023480
003 DE-627
005 20260206204637.0
007 tu
008 081030s2009 gw ||||| 00| ||ger c
015 |a 08,N45,0466  |2 dnb 
015 |a 08,N45,0466  |2 dnb 
016 7 |a 990831000  |2 DE-101 
020 |a 3540299823  |9 3-540-29982-3 
020 |a 9783540890638  |c Pb. : ca. sfr 46.50 (freier Pr.), ca. EUR 29.95  |9 978-3-540-89063-8 
024 3 |a 9783540890638 
024 8 |a 12563814  |q Best.-Nr. 
028 5 2 |a 12563814 
035 |a (DE-627)584023480 
035 |a (DE-603)209827203 
035 |a (DE-576)287833496 
035 |a (DE-599)DNB990831000 
035 |a (OCoLC)315952848 
035 |a (OCoLC)315952848 
040 |a DE-627  |b ger  |c DE-627  |e rakwb 
041 |a ger 
044 |c XA-DE-BE  |c XD-US 
072 7 |a LNF  |2 bicssc 
072 7 |a LAW026000  |2 bisacsh 
082 0 |a 340  |q BSZ 
082 0 |a 345.430773 
082 0 |a 345 
082 0 4 |a 340 
084 |a 2,1  |2 ssgn 
084 |a PI 4510  |q DE-208  |2 rvk  |0 (DE-625)rvk/136629: 
084 |a PH 3200  |q DE-208  |2 rvk  |0 (DE-625)rvk/136040: 
084 |a PH 3300  |2 rvk  |0 (DE-625)rvk/136045: 
084 |a PH 3340  |2 rvk  |0 (DE-625)rvk/136048: 
084 |a 86.34  |2 bkl 
090 |a a 
100 1 |a Meier, Bernd-Dieter  |d 1955-  |0 (DE-588)123012783  |0 (DE-627)082294089  |0 (DE-576)16218638X  |4 aut 
109 |a Meier, Bernd-Dieter 1955-  |a Meier, B. D. 1955- 
245 1 0 |a Strafrechtliche Sanktionen  |c Bernd-Dieter Meier 
250 |a 3., aktualisierte Aufl. 
264 1 |a Berlin  |a Heidelberg [u. a.]  |b Springer  |c 2009 
300 |a X, 423 S.  |b graph. Darst.  |c 24 cm 
336 |a Text  |b txt  |2 rdacontent 
337 |a ohne Hilfsmittel zu benutzen  |b n  |2 rdamedia 
338 |a Band  |b nc  |2 rdacarrier 
490 0 |a Springer-Lehrbuch 
500 |a Literaturverz. S. [401] - 420 
520 |a Ein Buch für all jene, die sich im Rahmen des Studiums oder des Referendariats erstmals mit den Grundzügen des strafrechtlichen Sanktionensystems vertraut machen wollen. Im Mittelpunkt: rechtliche Anwendungsvoraussetzungen verschiedener Strafarten sowie Grundprobleme der Strafzumessung. Der Autor behandelt aber auch Maßregeln der Besserung und Sicherung, Nebenfolgen der Straftat sowie neuere Überlegungen zur Wiedergutmachung. Kriminalpolitische Zielsetzungen sind ebenso Gegenstand seiner Betrachtung wie der Blick auf bislang gesammelte kriminologische Erfahrungen. Mit zahlreichen Beispielen sowie Wiederholungs- und Kontrollfragen. 
583 1 |a Archivierung prüfen  |c 20240324  |f DE-4165  |z 2  |2 pdager 
650 0 7 |0 (DE-588)4057795-8  |0 (DE-627)106149458  |0 (DE-576)209123737  |a Strafrecht  |2 gnd 
650 0 7 |0 (DE-588)4137830-1  |0 (DE-627)105647128  |0 (DE-576)209680938  |a Sanktion  |2 gnd 
650 4 |a Criminal Law 
650 4 |a Law 
651 7 |0 (DE-588)4011882-4  |0 (DE-627)104704861  |0 (DE-576)208896155  |a Deutschland  |2 gnd 
655 7 |a Lehrbuch  |0 (DE-588)4123623-3  |0 (DE-627)104270187  |0 (DE-576)209561262  |2 gnd-content 
689 0 0 |d g  |0 (DE-588)4011882-4  |0 (DE-627)104704861  |0 (DE-576)208896155  |a Deutschland  |2 gnd 
689 0 1 |d s  |0 (DE-588)4137830-1  |0 (DE-627)105647128  |0 (DE-576)209680938  |a Sanktion  |2 gnd 
689 0 2 |d s  |0 (DE-588)4057795-8  |0 (DE-627)106149458  |0 (DE-576)209123737  |a Strafrecht  |2 gnd 
689 0 |5 DE-101 
776 1 |z 9783540890645 
776 0 8 |i Erscheint auch als  |n Online-Ausgabe  |t Strafrechtliche Sanktionen  |b 3  |d Berlin : Springer, 2009  |h Online-Ressource (digital)  |w (DE-627)1647893992  |w (DE-576)307752763  |z 9783540890645  |k Electronic 
856 4 2 |u https://swbplus.bsz-bw.de/bsz287833496inh.htm  |m V:DE-576;X:springer  |q application/pdf  |v 20091116071629  |3 Inhaltsverzeichnis  |7 1 
856 4 2 |u https://swbplus.bsz-bw.de/bsz287833496vor.htm  |m V:DE-576;X:springer  |q application/pdf  |v 20091116063004  |3 Einführung/Vorwort  |7 1 
856 4 2 |u https://swbplus.bsz-bw.de/bsz287833496cov.jpg  |m V:DE-576  |m X:springer  |q image/jpeg  |v 20090529113932  |3 Cover  |7 1 
856 4 2 |u http://deposit.dnb.de/cgi-bin/dokserv?id=3166157&prov=M&dok_var=1&dok_ext=htm  |q text/html  |x Verlag  |3 Inhaltstext  |7 1 
856 4 2 |u http://d-nb.info/990831000/04  |m B:DE-101  |3 Inhaltsverzeichnis  |7 1 
856 4 2 |u http://scans.hebis.de/HEBCGI/show.pl?20982720_kap-1.pdf  |m V:DE-576;X:springer  |q application/pdf  |3 Kapitel#1  |7 1 
856 4 2 |u http://scans.hebis.de/HEBCGI/show.pl?20982720_cov.jpg  |m V:DE-576;X:springer  |q image/jpeg  |3 Cover  |7 1 
856 4 2 |u http://scans.hebis.de/HEBCGI/show.pl?20982720_ein-1.pdf  |m V:DE-576;X:springer  |q application/pdf  |3 Einführung/Vorwort#1  |7 1 
935 |i sf 
935 |i Blocktest 
936 r v |a PI 4510  |b Strafe, Allgemeines  |k Rechtswissenschaft  |k Allgemeine Rechtslehre und Rechtstheorie, Rechts- und Staatsphilosophie, Rechtssoziologie  |k Strafrechtsphilosophie sowie weltanschaulich umstrittene Fragen des Rechts  |k Strafe, Allgemeines  |0 (DE-627)1270882511  |0 (DE-625)rvk/136629:  |0 (DE-576)200882511 
936 r v |a PH 3200  |b Allgemeines  |k Rechtswissenschaft  |k Strafrecht, Strafverfahrensrecht, Kriminologie  |k Strafrecht  |k Rechtsfolgen der Tat  |k Strafen  |k Allgemeines  |0 (DE-627)1271675064  |0 (DE-625)rvk/136040:  |0 (DE-576)201675064 
936 r v |a PH 3300  |b Gesamtdarstellungen  |k Rechtswissenschaft  |k Strafrecht, Strafverfahrensrecht, Kriminologie  |k Strafrecht  |k Rechtsfolgen der Tat  |k Strafzumessung  |k Gesamtdarstellungen  |0 (DE-627)127223679X  |0 (DE-625)rvk/136045:  |0 (DE-576)20223679X 
936 r v |a PH 3340  |b Gesamtdarstellungen  |k Rechtswissenschaft  |k Strafrecht, Strafverfahrensrecht, Kriminologie  |k Strafrecht  |k Rechtsfolgen der Tat  |k Massregeln der Besserung und Sicherung, mit bzw. ohne Freiheitsentziehung  |k Gesamtdarstellungen  |0 (DE-627)1271966093  |0 (DE-625)rvk/136048:  |0 (DE-576)201966093 
936 b k |a 86.34  |j Strafrecht: Allgemeiner Teil  |0 (DE-627)10641674X 
936 s n |a p100  |2 mzub 
951 |a BO 
ELC |b 1 
LOK |0 000 xxxxxcx a22 zn 4500 
LOK |0 001 3198968143 
LOK |0 003 DE-627 
LOK |0 004 584023480 
LOK |0 005 20100715150548 
LOK |0 008 090304||||||||||||||||ger||||||| 
LOK |0 040   |a DE-21-24  |c DE-627  |d DE-21-24 
LOK |0 541   |e 09/740 
LOK |0 852   |a DE-21-24 
LOK |0 852 1  |c J,IVk,11*3  |m p  |9 00 
LOK |0 936ln  |a J,IVk, 
LOK |0 938   |a 0903  |f J 
LOK |0 938   |k p 
LOK |0 939   |a 04-03-09  |b l01 
LOK |0 000 xxxxxcx a22 zn 4500 
LOK |0 001 3198968151 
LOK |0 003 DE-627 
LOK |0 004 584023480 
LOK |0 005 20100715150548 
LOK |0 008 100715||||||||||||||||ger||||||| 
LOK |0 040   |a DE-21-110  |c DE-627  |d DE-21-110 
LOK |0 541   |e 09/309 
LOK |0 689   |a s  |a Strafrecht 
LOK |0 689   |a s  |a Gesellschaft 
LOK |0 689   |a s  |a Sozialkontrolle 
LOK |0 689   |a s  |a Sanktionssystem 
LOK |0 689   |a s  |a Straftheorie 
LOK |0 689   |a s  |a Generalprävention 
LOK |0 689   |a s  |a Spezialprävention 
LOK |0 689   |a s  |a Opfer 
LOK |0 689   |a s  |a Strafarten 
LOK |0 689   |a s  |a Wiedergutmachung 
LOK |0 852   |a DE-21-110 
LOK |0 852 1  |c P I 694  |m p  |9 00 
LOK |0 936ln  |a 2.4 
LOK |0 938   |k p 
LOK |0 939   |a 15-07-10  |b l01 
LOK |0 000 xxxxxcx a22 zn 4500 
LOK |0 001 3198969204 
LOK |0 003 DE-627 
LOK |0 004 584023480 
LOK |0 005 20090312121421 
LOK |0 008 081111||||||||||||||||ger||||||| 
LOK |0 040   |a DE-Frei85  |c DE-627  |d DE-Frei85 
LOK |0 852   |a DE-Frei85 
LOK |0 852 1  |m p  |9 00 
LOK |0 938   |k p 
LOK |0 939   |a 11-11-08  |b l01 
ORI |a SA-MARC-krimdoka001.raw 
SIG |a IFK: P I 694 
TIM |a 100019901003_100020261231  |b 1990-10-03 - 2026